000 01152nam a2200337Ia 4500
001 Para_8833
003 CHAP
008 220125s2003 xx 000 0 und d
010 _a207596
040 _cCHAP
090 _aPA TESIS 1795
100 _aRaymundo Cruz, Gregorio
_994838
245 _aEfectos de sistemas de labranza sobre la incidencia, daños de plagas del follaje y rendimiento del maíz, en Chapingo, México /
_c por Gregorio Raymundo Cruz
260 _aChapingo, Méx. :
_b el autor
300 _a46 h.
502 _aTesis (Ing. Agr. Esp. en Parasitología Agrícola) -- UACh. Departamento Parasitología Agrícola
650 _aLabranza
_964303
650 _aLabranza cero
_964307
650 _aLabranza convencional
_9171245
650 _aLabranza de conservación
_964308
650 0 _aMaíz
_xCompetencia
_9170092
650 _aMaíz
_x plagas
_971034
710 _aUACh. Departamento Parasitología Agrícola
_9164025
901 _aPA TESIS 1795
902 _aA
905 _a0000002003 ain 0000000000 00
910 _a2003
942 _cPARA
942 _cPARA
_d1
999 _c207596
_d207596